Poza schematem homo oeconomicus Nowe podstawy mikroekonomii

Salvato in:
Dettagli Bibliografici
Autore principale: Leibenstein, Harvey
Natura: Libro
Lingua:polacco
Pubblicazione: Warszawa Wyd. Naukowe 1988
Edizione:1. wyd.
Tags: Aggiungi Tag
Nessun Tag, puoi essere il primo ad aggiungerne!!

MARC

LEADER 00000nam a2200000 4500
001 c031139
005 20250609120400.4
041 0 |a pol 
044 |a PL 
245 1 0 |a Poza schematem homo oeconomicus  |b Nowe podstawy mikroekonomii  |c Harvey Leibenstein ; [prekl. ] Hanna Figaszewska 
250 |a 1. wyd. 
264 1 |a Warszawa  |b Wyd. Naukowe  |c 1988 
300 |a 460 s. 
100 1 |a Leibenstein, Harvey